[Event "Plateliai Plunge op-A 42nd"]
[Site "Plateliai"]
[Date "2023.07.23"]
[Round "9"]
[White "Griksaite, Leva"]
[Black "Griksaite, Egle"]
[Result "1/2-1/2"]
[WhiteElo "1459"]
[BlackElo "1386"]
[PlyCount "75"]
[EventDate "2023.07.17"]
[EventType "swiss"]
[EventRounds "9"]
[EventCountry "LTU"]
[SourceTitle "CBM 215 Extra"]
[Source "ChessBase"]
[SourceDate "2023.09.30"]
[SourceVersion "1"]
[SourceVersionDate "2023.09.30"]
[SourceQuality "1"]

1. e4 b6 2. Nc3 Bb7 3. Bc4 e6 4. Nf3 Bb4 5. Qe2 Ne7 6. a3 Bxc3 7. bxc3 c5 8. 0-0 d5 9. exd5 exd5 10. Bb5+ Nbc6 11. Bxc6+ Bxc6 12. Re1 Rc8 13. d4 Rc7 14. Bf4 Rb7 15. Bg5 f6 16. Bd2 Qd7 17. Nh4 0-0 18. Qe6+ Kh8 19. Nf3 Nc8 20. Qxd7 Rxd7 21. Be3 Rc7 22. dxc5 Ba4 23. cxb6 Nxb6 24. Bd2 Nc4 25. Bf4 Rcc8 26. Nd4 Rfe8 27. Rxe8+ Rxe8 28. Kf1 g5 29. Bc1 Nd6 30. f3 Nc4 31. Kf2 Kg7 32. Rb1 Nb6 33. Bd2 Kg6 34. Re1 Rxe1 35. Kxe1 Nc4 36. Bc1 h6 37. g4 h5 38. h3 1/2-1/2

[Event "LTU-ch sf"]
[Site "Vilnius"]
[Date "2023.04.12"]
[Round "2"]
[White "Blazys, Titas"]
[Black "Griksaite, Egle"]
[Result "1-0"]
[WhiteElo "1243"]
[BlackElo "1472"]
[PlyCount "77"]
[EventDate "2023.04.11"]
[EventType "swiss"]
[EventRounds "9"]
[EventCountry "LTU"]
[SourceTitle "CBM 213 Extra"]
[Source "ChessBase"]
[SourceDate "2023.05.31"]
[SourceVersion "1"]
[SourceVersionDate "2023.05.31"]
[SourceQuality "1"]

1. e4 Nf6 2. e5 Nd5 3. d4 d6 4. Nf3 Nc6 5. Bc4 Nb6 6. Bb5 a6 7. Bxc6+ bxc6 8. h3 g6 9. Nc3 Bg7 10. Bf4 0-0 11. 0-0 f6 12. exd6 cxd6 13. Re1 e5 14. dxe5 fxe5 15. Bg5 Qc7 16. Bh4 Bf5 17. Bg3 Rad8 18. Qe2 a5 19. Rad1 Qf7 20. Qa6 Qc7 21. Qxa5 Bxh3 22. Nxe5 Ra8 23. Qb4 Bxe5 24. Bxe5 dxe5 25. gxh3 Rf5 26. Qd6 Rg5+ 27. Kh1 Qf7 28. Rg1 Qf3+ 29. Kh2 Qxf2+ 30. Kh1 Qf3+ 31. Kh2 Qf4+ 32. Kh1 Rxg1+ 33. Rxg1 Qf3+ 34. Kh2 Qf4+ 35. Kh1 Qf5 36. Kh2 Rc8 37. Ne4 Qf4+ 38. Ng3 e4 39. Qxf4 1-0

[Event "LTU-ch sf"]
[Site "Vilnius"]
[Date "2023.04.12"]
[Round "3"]
[White "Griksaite, Egle"]
[Black "Alionyte, Patricija"]
[Result "0-1"]
[WhiteElo "1472"]
[BlackElo "1311"]
[PlyCount "78"]
[EventDate "2023.04.11"]
[EventType "swiss"]
[EventRounds "9"]
[EventCountry "LTU"]
[SourceTitle "CBM 213 Extra"]
[Source "ChessBase"]
[SourceDate "2023.05.31"]
[SourceVersion "1"]
[SourceVersionDate "2023.05.31"]
[SourceQuality "1"]

1. d4 d5 2. c3 Nf6 3. Bg5 Bf5 4. Nf3 e6 5. Qb3 b6 6. e3 Be7 7. Nbd2 0-0 8. Nh4 Bg6 9. Nxg6 hxg6 10. Bd3 Nbd7 11. Nf3 c5 12. Qd1 Nh7 13. Bxe7 Qxe7 14. Ne5 Nxe5 15. dxe5 Qg5 16. f4 Qxg2 17. Rf1 Qxh2 18. Rf2 Qg1+ 19. Ke2 Qg4+ 20. Kd2 Qxd1+ 21. Rxd1 f5 22. Rg1 Kf7 23. Rh2 Rh8 24. Rgh1 Kg8 25. c4 a6 26. a3 Rb8 27. b4 a5 28. Kc3 axb4+ 29. axb4 Rd8 30. Rh3 d4+ 31. exd4 Rxd4 32. Rh4 g5 33. R4h2 Rxf4 34. Ra2 Nf8 35. Rb1 Nd7 36. bxc5 bxc5 37. Ra6 Nxe5 38. Rxe6 Nxd3 39. Kxd3 Rd4+ 0-1

[Event "LTU-ch sf"]
[Site "Vilnius"]
[Date "2023.04.11"]
[Round "1"]
[White "Griksaite, Egle"]
[Black "Posaskov, Nikita"]
[Result "0-1"]
[WhiteElo "1472"]
[BlackElo "2185"]
[PlyCount "62"]
[EventDate "2023.04.11"]
[EventType "swiss"]
[EventRounds "9"]
[EventCountry "LTU"]
[SourceTitle "CBM 213 Extra"]
[Source "ChessBase"]
[SourceDate "2023.05.31"]
[SourceVersion "1"]
[SourceVersionDate "2023.05.31"]
[SourceQuality "1"]

1. d4 Nf6 2. Nf3 g6 3. Bf4 Bg7 4. e3 0-0 5. Bd3 d6 6. h3 b6 7. 0-0 Bb7 8. Re1 Nbd7 9. c3 Qe8 10. Bh2 e5 11. dxe5 dxe5 12. e4 Rd8 13. b4 Qe7 14. Qc2 Nh5 15. Nbd2 c5 16. a3 Rc8 17. Qb3 Nf4 18. Bxf4 exf4 19. Rac1 Rfd8 20. Bb1 Nf8 21. c4 Ne6 22. Bc2 h5 23. Nb1 Nd4 24. Nxd4 Bxd4 25. Nc3 Qh4 26. Re2 f3 27. gxf3 Qg5+ 28. Kh1 Qxc1+ 29. Nd1 Qf4 30. Kg1 Be5 31. Re1 Rd2 0-1

[Event "Plunge op-A 41st"]
[Site "Plateliai"]
[Date "2022.07.23"]
[Round "8"]
[White "Griksaite, Egle"]
[Black "Balciunaite, Jore"]
[Result "1/2-1/2"]
[WhiteElo "1380"]
[BlackElo "1355"]
[PlyCount "102"]
[EventDate "2022.07.18"]
[EventType "swiss"]
[EventRounds "9"]
[EventCountry "LTU"]
[SourceTitle "CBM 209 Extra"]
[Source "ChessBase"]
[SourceDate "2022.09.30"]
[SourceVersion "1"]
[SourceVersionDate "2022.09.30"]
[SourceQuality "1"]

1. d4 d5 2. c3 e6 3. Nf3 f5 4. Bf4 Nf6 5. Nbd2 Bd6 6. e3 Bxf4 7. exf4 Qd6 8. Ne5 c5 9. Nb3 cxd4 10. Nxd4 0-0 11. Bd3 Nbd7 12. Qe2 Ne4 13. f3 Nec5 14. Bc2 a5 15. 0-0 b6 16. Rfe1 Rf6 17. g3 Nf8 18. Rad1 h5 19. h4 Qd8 20. Kh2 Ng6 21. Qf2 Nxe5 22. Rxe5 Qd6 23. c4 Bb7 24. Nb5 Qc6 25. Nd4 Qd6 26. cxd5 Bxd5 27. Nxf5 Qc7 28. Nd4 Bxa2 29. Rxh5 a4 30. Nb5 Qc6 31. Nc3 Bc4 32. Ne4 Rf5 33. Rxf5 exf5 34. Nxc5 bxc5 35. Bxf5 Bd5 36. Rxd5 Qxd5 37. Be4 Qd8 38. Bxa8 Qxa8 39. Qxc5 Qxf3 40. Qc8+ Kh7 41. Qc2+ Kh6 42. Qg2 Qb3 43. f5 Qb5 44. g4 Qe5+ 45. Kh3 Qe3+ 46. Qg3 Qe2 47. g5+ Kh5 48. Qg2 Qd3+ 49. Qg3 Qxf5+ 50. Kh2 Qc2+ 51. Kh3 Qf5+ 1/2-1/2

[Event "Plunge op-A 41st"]
[Site "Plateliai"]
[Date "2022.07.21"]
[Round "5"]
[White "Griksaite, Egle"]
[Black "Antuzis, Domantas"]
[Result "1-0"]
[WhiteElo "1380"]
[BlackElo "1245"]
[PlyCount "63"]
[EventDate "2022.07.18"]
[EventType "swiss"]
[EventRounds "9"]
[EventCountry "LTU"]
[SourceTitle "CBM 209 Extra"]
[Source "ChessBase"]
[SourceDate "2022.09.30"]
[SourceVersion "1"]
[SourceVersionDate "2022.09.30"]
[SourceQuality "1"]

1. d4 d5 2. c3 Nf6 3. Bg5 Ne4 4. Bf4 e6 5. Nd2 Bd6 6. Bxd6 Nxd6 7. Ngf3 0-0 8. e3 Nd7 9. Bd3 h6 10. Qe2 c5 11. h4 c4 12. Bc2 f6 13. 0-0-0 a5 14. e4 a4 15. a3 b5 16. exd5 exd5 17. Qe6+ Nf7 18. Qf5 Re8 19. Qxd5 Ba6 20. Rde1 Nb6 21. Qf5 Qd7 22. Qh7+ Kf8 23. Bf5 Qd6 24. h5 Nd5 25. Nh4 Nf4 26. g3 Rxe1+ 27. Rxe1 Re8 28. Rxe8+ Kxe8 29. gxf4 Qd5 30. Qg8+ Ke7 31. Ng6+ Kd6 32. Qb8+ 1-0

[Event "LTU-ch U16 Girls"]
[Site "Kaunas"]
[Date "2022.02.17"]
[Round "2"]
[White "Andrasunaite, Rusne"]
[Black "Griksaite, Egle"]
[Result "0-1"]
[WhiteElo "1368"]
[BlackElo "1495"]
[PlyCount "80"]
[EventDate "2022.02.16"]
[EventType "swiss"]
[EventRounds "6"]
[EventCountry "LTU"]
[SourceTitle "CBM 207 Extra"]
[Source "ChessBase"]
[SourceDate "2022.05.31"]
[SourceVersion "1"]
[SourceVersionDate "2022.05.31"]
[SourceQuality "1"]

1. e4 c5 2. Nf3 Nc6 3. d3 g6 4. c3 Bg7 5. g3 d5 6. Nbd2 e6 7. Bg2 Nge7 8. 0-0 0-0 9. Re1 b6 10. h4 Ba6 11. Qc2 Rb8 12. Nf1 d4 13. Rd1 Qc7 14. N1h2 Rbd8 15. Bf4 e5 16. Bd2 dxc3 17. Bxc3 Rd7 18. g4 Rfd8 19. Bf1 Nd4 20. Bxd4 exd4 21. h5 Nc6 22. a3 Ne5 23. Qd2 Bc8 24. Bh3 Re7 25. Nxe5 Bxe5 26. f3 Bf4 27. Qg2 Ba6 28. b3 b5 29. a4 bxa4 30. Rxa4 Bb5 31. Ra2 Ra8 32. hxg6 hxg6 33. g5 Qe5 34. Ra5 a6 35. Ng4 Qxg5 36. Ra2 Qh4 37. Rc2 Rc7 38. Qf1 f5 39. exf5 gxf5 40. Nf2 Rg7+ 0-1

[Event "Taujenai Manor Cup"]
[Site "Taujenai"]
[Date "2021.11.28"]
[Round "8"]
[White "Griksaite, Egle"]
[Black "Bagdanskis, Dangis"]
[Result "0-1"]
[WhiteElo "1508"]
[BlackElo "1861"]
[PlyCount "104"]
[EventDate "2021.11.27"]
[EventType "swiss (rapid)"]
[EventRounds "9"]
[EventCountry "LTU"]
[SourceTitle "EXT 2023"]
[Source "ChessBase"]
[SourceDate "2022.10.05"]
[SourceVersion "1"]
[SourceVersionDate "2022.10.05"]
[SourceQuality "1"]

1. d4 d5 2. Bf4 Nf6 3. Nf3 Bf5 4. e3 e6 5. Bd3 Bxd3 6. Qxd3 a6 7. c3 c5 8. Nbd2 Nc6 9. h3 Qb6 10. Rb1 Rc8 11. 0-0 Be7 12. Ne5 0-0 13. Ndf3 Qa5 14. Ra1 c4 15. Qc2 b5 16. a3 Qb6 17. Bg5 Qb7 18. Rfe1 a5 19. Qd2 Nxe5 20. Nxe5 Ne4 21. Qe2 Nxg5 22. f3 f6 23. Ng4 Nf7 24. e4 Rfe8 25. e5 f5 26. Ne3 b4 27. axb4 axb4 28. Ra4 bxc3 29. bxc3 Qb3 30. Qc2 Bg5 31. Qxb3 cxb3 32. Nd1 Bd2 33. Re2 Bxc3 34. Nxc3 Rxc3 35. Rb2 Rec8 36. Rb4 g5 37. Rb6 R8c6 38. R6xb3 Rxb3 39. Rxb3 Kg7 40. Kf2 h5 41. g3 Kg6 42. Ke3 Nh6 43. Ra3 f4+ 44. gxf4 Nf5+ 45. Kd3 gxf4 46. Ra8 Rb6 47. Ra3 Rb4 48. Ra8 Rxd4+ 49. Ke2 Ng3+ 50. Kf2 Rd2+ 51. Kg1 Kf5 52. Rf8+ Kxe5 0-1

[Event "EU Union-ch U12"]
[Site "Kouty nad Desnou"]
[Date "2019.08.24"]
[Round "9"]
[White "Griksaite, Egle"]
[Black "Lazniewska, Zofia"]
[Result "0-1"]
[WhiteElo "1293"]
[BlackElo "1371"]
[PlyCount "132"]
[EventDate "2019.08.16"]
[EventType "swiss"]
[EventRounds "9"]
[EventCountry "CZE"]
[SourceTitle "EXT 2020"]
[Source "ChessBase"]
[SourceDate "2019.10.17"]
[SourceVersion "1"]
[SourceVersionDate "2019.10.17"]
[SourceQuality "1"]

1. e4 c5 2. Nc3 Nc6 3. Bb5 Nd4 4. Bc4 g6 5. Nf3 Bg7 6. Nxd4 cxd4 7. Qf3 e6 8. Nb5 d6 9. Qa3 Bf8 10. Nxd4 d5 11. Bb5+ Bd7 12. Bxd7+ Qxd7 13. Qg3 Bg7 14. e5 Qc7 15. f4 Qc5 16. c3 Ne7 17. d3 0-0 18. Be3 Qb6 19. Qf2 Qa6 20. Qe2 b5 21. 0-0 Rab8 22. Nb3 Nf5 23. Qf2 Nxe3 24. Qxe3 Rfc8 25. d4 Bf8 26. Qe2 Qb6 27. Rfc1 a5 28. Qd3 Rc7 29. Rc2 Rbc8 30. Rac1 a4 31. Nd2 b4 32. Nf3 bxc3 33. Rxc3 Rxc3 34. Rxc3 Rb8 35. Rc2 Qa7 36. Qc3 Rb4 37. b3 axb3 38. axb3 Qa3 39. Rb2 Qa1+ 40. Kf2 Qa3 41. Ne1 Qa7 42. Nc2 Rb5 43. Qc6 Rb6 44. Qc3 Rb5 45. Rb1 Qa2 46. Rb2 Qa7 47. Qc6 Rb6 48. Qe8 Rb8 49. Qc6 Rb6 50. Qc3 Rb5 51. Ke3 Rb6 52. Ne1 Bb4 53. Qc8+ Kg7 54. Nd3 Rb8 55. Qc6 Rb6 56. Qa4 Qb7 57. Nc5 Bxc5 58. dxc5 Rb4 59. Qa5 Rxb3+ 60. Rxb3 Qxb3+ 61. Ke2 Qc2+ 62. Kf3 Qe4+ 63. Kg3 Qe3+ 64. Kg4 h5+ 65. Kh4 Qxf4+ 66. Kh3 Qg4# 0-1

[Event "Klaipeda Sea op-C 16th"]
[Site "Klaipeda"]
[Date "2019.07.26"]
[Round "7"]
[White "Griksaite, Egle"]
[Black "Povilaitis, Matas Arunas"]
[Result "1/2-1/2"]
[WhiteElo "1256"]
[BlackElo "1223"]
[PlyCount "97"]
[EventDate "2019.07.23"]
[EventType "swiss"]
[EventRounds "7"]
[EventCountry "LTU"]
[SourceTitle "CBM 195 Extra"]
[Source "ChessBase"]
[SourceDate "2020.05.31"]
[SourceVersion "1"]
[SourceVersionDate "2020.05.31"]
[SourceQuality "1"]

1. e4 c5 2. Nc3 e6 3. f4 Nc6 4. Bb5 d6 5. Bxc6+ bxc6 6. Nf3 Ba6 7. d3 d5 8. 0-0 Bd6 9. Re1 Ne7 10. Qd2 0-0 11. Qf2 d4 12. Ne2 Ng6 13. e5 Be7 14. g3 Rb8 15. Rb1 Qd7 16. Bd2 Rb7 17. b3 Rfb8 18. Red1 Bd8 19. Ra1 Ne7 20. Qg2 h6 21. Qh3 Qd5 22. Qg2 Nf5 23. g4 Ne7 24. h3 Ng6 25. Qg3 Bc7 26. Nh4 Nxh4 27. Qxh4 Qf3 28. Qf2 Qxh3 29. Qg3 Qxg3+ 30. Nxg3 Bd8 31. Ne4 Be7 32. Kf2 g6 33. Kf3 Kg7 34. Rh1 Rh8 35. Rh2 Rd7 36. Rah1 Bc8 37. f5 exf5 38. Bxh6+ Rxh6 39. Rxh6 fxe4+ 40. Kxe4 f5+ 41. gxf5 gxf5+ 42. Kf4 Rc7 43. Rh7+ Kf8 44. Rh8+ Kf7 45. R1h7+ Ke6 46. Rh6+ Kd7 47. R8h7 Ke8 48. Rh8+ Kd7 49. R8h7 1/2-1/2

[Event "Plunge op-B 39th"]
[Site "Plateliai"]
[Date "2019.07.20"]
[Round "8"]
[White "Griksaite, Egle"]
[Black "Plutaite, Ausra"]
[Result "0-1"]
[WhiteElo "1256"]
[BlackElo "1475"]
[PlyCount "96"]
[EventDate "2019.07.15"]
[EventType "swiss"]
[EventRounds "9"]
[EventCountry "LTU"]
[SourceTitle "EXT 2020"]
[Source "ChessBase"]
[SourceDate "2019.10.17"]
[SourceVersion "1"]
[SourceVersionDate "2019.10.17"]
[SourceQuality "1"]

1. e4 e6 2. d3 d5 3. Nd2 Nf6 4. Ngf3 Bc5 5. e5 Nfd7 6. d4 Be7 7. Bd3 b6 8. c3 Ba6 9. Bxa6 Nxa6 10. Qe2 Qc8 11. Nb3 c5 12. Be3 c4 13. Nbd2 b5 14. a3 Qd8 15. Bf4 Nb6 16. h3 Na4 17. Rb1 Bxa3 18. bxa3 Nxc3 19. Qe3 Nxb1 20. Nxb1 Qa5+ 21. Qc3 Qxc3+ 22. Nxc3 b4 23. axb4 Nxb4 24. 0-0 0-0 25. Rb1 a5 26. Na4 Rfb8 27. Bd2 Nc6 28. Rc1 Rb3 29. Nc5 Ra3 30. Nd7 Ra2 31. Bc3 a4 32. Rb1 Rc2 33. Be1 a3 34. Ra1 a2 35. Nd2 Nxd4 36. Kh2 c3 37. Nf3 Nb3 38. Rd1 a1Q 39. Rd3 Rc1 40. Nd2 cxd2 41. Bxd2 Nxd2 42. Rxd2 Rh1+ 43. Kg3 Qc3+ 44. Kg4 Qxd2 45. f3 Qxg2+ 46. Kf4 Ra4+ 47. Ke3 Re1+ 48. Kd3 Qxf3+ 0-1

[Event "Plunge op-B 39th"]
[Site "Plateliai"]
[Date "2019.07.19"]
[Round "7"]
[White "Jaskunaite, Auguste"]
[Black "Griksaite, Egle"]
[Result "0-1"]
[WhiteElo "1330"]
[BlackElo "1256"]
[PlyCount "72"]
[EventDate "2019.07.15"]
[EventType "swiss"]
[EventRounds "9"]
[EventCountry "LTU"]
[SourceTitle "EXT 2020"]
[Source "ChessBase"]
[SourceDate "2019.10.17"]
[SourceVersion "1"]
[SourceVersionDate "2019.10.17"]
[SourceQuality "1"]

1. d4 Nf6 2. c4 g6 3. Nc3 Bg7 4. e3 d6 5. Nf3 Nbd7 6. Be2 b6 7. 0-0 0-0 8. Qc2 Re8 9. Rd1 e5 10. dxe5 Nxe5 11. b4 Bb7 12. Nxe5 Rxe5 13. Bb2 Re6 14. c5 bxc5 15. bxc5 Qe7 16. Bc4 Re5 17. cxd6 cxd6 18. Ne2 Rc5 19. Ba3 Rc6 20. Qb3 Rd8 21. Rab1 Rb6 22. Qd3 Be4 23. Qd2 Rxb1 24. Rxb1 Bxb1 25. Nd4 Be4 26. Nb5 Ne8 27. Nd4 Bxd4 28. Qxd4 Qe5 29. Qd1 Rb8 30. Bf1 Rb1 31. Qd2 Qg5 32. f3 Bxf3 33. Kf2 Be4 34. Bxd6 Nxd6 35. Qxd6 Rb2+ 36. Kg1 Rxg2+ 0-1

[Event "LTU-ch (Women)"]
[Site "Vilnius"]
[Date "2019.03.21"]
[Round "7"]
[White "Mickunaite, Agne"]
[Black "Griksaite, Egle"]
[Result "0-1"]
[WhiteElo "1105"]
[BlackElo "1245"]
[PlyCount "30"]
[EventDate "2019.03.15"]
[EventType "swiss"]
[EventRounds "7"]
[EventCountry "LTU"]
[SourceTitle "EXT 2021"]
[Source "ChessBase"]
[SourceDate "2020.10.23"]
[SourceVersion "1"]
[SourceVersionDate "2020.10.23"]
[SourceQuality "1"]

1. d4 Nf6 2. c4 e6 3. Nf3 Bb4+ 4. Bd2 Bxd2+ 5. Nbxd2 0-0 6. e3 b6 7. Bd3 Bb7 8. 0-0 d5 9. Qc2 Re8 10. a3 dxc4 11. Bxc4 Nbd7 12. Bd3 h6 13. b4 e5 14. Bf5 exd4 15. Nxd4 Nh5 0-1

[Event "LTU-ch (Women)"]
[Site "Vilnius"]
[Date "2019.03.18"]
[Round "4"]
[White "Versekenaite, Gabija"]
[Black "Griksaite, Egle"]
[Result "1-0"]
[WhiteElo "1308"]
[BlackElo "1245"]
[PlyCount "43"]
[EventDate "2019.03.15"]
[EventType "swiss"]
[EventRounds "7"]
[EventCountry "LTU"]
[SourceTitle "CBM 189 Extra"]
[Source "ChessBase"]
[SourceDate "2019.06.03"]
[SourceVersion "1"]
[SourceVersionDate "2019.06.03"]
[SourceQuality "1"]

1. e4 e5 2. Nf3 Nc6 3. Bb5 f5 4. d4 fxe4 5. Nxe5 Nf6 6. 0-0 Be7 7. Bg5 0-0 8. Re1 Nxe5 9. dxe5 Ne8 10. Bc4+ Kh8 11. Bxe7 Qxe7 12. Rxe4 b6 13. Nc3 Bb7 14. Bd5 c6 15. Bb3 Nc7 16. Qd6 Qd8 17. Rd1 c5 18. Rg4 Bc8 19. Rd3 b5 20. Qg6 Qe7 21. Qxh7+ Kxh7 22. Rh3+ 1-0

[Event "LTU-ch (Women)"]
[Site "Vilnius"]
[Date "2019.03.17"]
[Round "3"]
[White "Griksaite, Egle"]
[Black "Simkunaite, Gabija"]
[Result "0-1"]
[WhiteElo "1245"]
[BlackElo "1820"]
[PlyCount "70"]
[EventDate "2019.03.15"]
[EventType "swiss"]
[EventRounds "7"]
[EventCountry "LTU"]
[SourceTitle "CBM 189 Extra"]
[Source "ChessBase"]
[SourceDate "2019.06.03"]
[SourceVersion "1"]
[SourceVersionDate "2019.06.03"]
[SourceQuality "1"]

1. d4 e6 2. Nf3 b6 3. Bf4 Nf6 4. e3 d6 5. Bd3 Be7 6. Nbd2 Bb7 7. Qe2 Nbd7 8. c3 c5 9. 0-0 Nh5 10. Bg3 Nxg3 11. fxg3 0-0 12. e4 e5 13. d5 f5 14. c4 f4 15. Qf2 fxg3 16. Qxg3 Rf6 17. Rf2 Nf8 18. Raf1 Rg6 19. Qh3 Bc8 20. Qh5 Bg4 21. Nxe5 Bxh5 22. Nc6 Qe8 23. e5 dxe5 24. Bxg6 Bxg6 25. Nxe5 Bf6 26. Nc6 Bd3 27. Rd1 Ng6 28. b3 b5 29. Nf3 bxc4 30. bxc4 Bxc4 31. Na5 Qa4 32. Rc1 Bxd5 33. Nb3 Bxf3 34. Nxc5 Qa3 35. Rxf3 Qxc1+ 0-1

[Event "LTU-ch (Women)"]
[Site "Vilnius"]
[Date "2019.03.15"]
[Round "1"]
[White "Griksaite, Egle"]
[Black "Butvilaite, Berta Reja"]
[Result "0-1"]
[WhiteElo "1245"]
[BlackElo "1809"]
[PlyCount "74"]
[EventDate "2019.03.15"]
[EventType "swiss"]
[EventRounds "7"]
[EventCountry "LTU"]
[SourceTitle "CBM 189 Extra"]
[Source "ChessBase"]
[SourceDate "2019.06.03"]
[SourceVersion "1"]
[SourceVersionDate "2019.06.03"]
[SourceQuality "1"]

1. d4 d5 2. Nf3 Nf6 3. Bf4 Bf5 4. e3 e6 5. Bd3 Bxd3 6. Qxd3 Nbd7 7. Nbd2 c5 8. c3 Be7 9. 0-0 0-0 10. Ne5 c4 11. Qc2 Nxe5 12. Bxe5 Ng4 13. Nf3 f6 14. Bf4 Bd6 15. Bxd6 Qxd6 16. h3 Nh6 17. e4 Rad8 18. Rad1 Qf4 19. Rfe1 Nf7 20. exd5 exd5 21. Re7 Nd6 22. Qe2 Rfe8 23. Qe6+ Kh8 24. Re1 h6 25. Re3 Rxe7 26. Qxe7 Re8 27. Ne5 fxe5 28. Qxd6 Rf8 29. Re2 exd4 30. Qxf4 Rxf4 31. g3 d3 32. Re8+ Kh7 33. Kf1 Re4 34. Rd8 d2 35. Rxd5 Re1+ 36. Kg2 d1Q 37. Rxd1 Rxd1 0-1

[Event "Plunge op-B 38th"]
[Site "Plateliai"]
[Date "2018.07.19"]
[Round "5"]
[White "Griksaite, Egle"]
[Black "Paknyte, Elzbieta"]
[Result "0-1"]
[WhiteElo "1317"]
[BlackElo "1220"]
[PlyCount "84"]
[EventDate "2018.07.16"]
[EventType "swiss"]
[EventRounds "9"]
[EventCountry "LTU"]
[SourceTitle "EXT 2019"]
[Source "ChessBase"]
[SourceDate "2018.10.10"]
[SourceVersion "1"]
[SourceVersionDate "2018.10.10"]
[SourceQuality "1"]

1. d4 d5 2. Nf3 Nf6 3. Bf4 c5 4. c3 Nc6 5. e3 Bg4 6. Nbd2 e6 7. Bd3 cxd4 8. cxd4 Bd6 9. Bxd6 Qxd6 10. Qc2 e5 11. 0-0-0 e4 12. Rde1 0-0 13. h3 exd3 14. Qxd3 Bxf3 15. Nxf3 Rac8 16. Kb1 Rfe8 17. Rd1 Na5 18. g4 Nc4 19. h4 Nxg4 20. Rdf1 Qg6 21. Qxg6 fxg6 22. b3 Nd6 23. Rhg1 Rc3 24. Ng5 Nh2 25. Rc1 Rxc1+ 26. Rxc1 h6 27. Nh3 Nf3 28. Rc7 Nxd4 29. Nf4 N4b5 30. Rc5 d4 31. Rc1 Ne4 32. f3 Nf2 33. Kc2 Rc8+ 34. Kd2 Rxc1 35. Kxc1 Nc3 36. a3 d3 37. Kd2 Nb1+ 38. Ke1 d2+ 39. Kf1 d1Q+ 40. Kg2 Nd3 41. Nxd3 Qxd3 42. Kg3 Qxe3 0-1